| 000 | 00503nam a2200181Ia 4500 | ||
|---|---|---|---|
| 003 | GCL | ||
| 008 | 140319s9999 xx 000 0 eng d | ||
| 040 |
_aGCL / _cGCL |
||
| 082 | 0 | 4 |
_a624.1843 _bP R |
| 100 | 1 | _aPERKINS, P.H | |
| 245 | 1 | 0 |
_aREPAIR, PROTECTION AND WATERPROOFING OF CONCRETE STRUCTURES / _cPERKINS, P.H |
| 260 |
_a[S.N] : _bE & FN SPON ، _c1997 |
||
| 300 | _a233 P | ||
| 650 | 0 | 4 | _aالتحليل الرياضى |
| 650 | 0 | 4 | _aCIVIL ENGINEERING |
| 650 | 0 | 4 | _aCONCRETE |
| 942 |
_2ddc _cBK |
||
| 999 |
_c16266 _d16266 |
||